Relació d'ordenances fiscals municipals
Descripción Física:
3 v. ; 30 cm
Materias:
Ordenances municipals
MARC
| LEADER | 00000nam a2200000Ia 4500 | ||
|---|---|---|---|
| 001 | 7662, 5418, 9009 | ||
| 008 | 160829s1986 - 1988 xx 000 0 cat d | ||
| 080 | |a M-3-206, M-3-207, M-3-208 | ||
| 245 | |a Relació d'ordenances fiscals municipals | ||
| 260 | |a Barcelona : |b Diputació de Barcelona, |c 1986 - 1988 | ||
| 300 | |a 3 v. ; |c 30 cm | ||
| 650 | |a Ordenances municipals |9 28545 | ||
| 710 | 1 | |a Barcelona (Catalunya : Província). |b Diputació |9 52408 | |
| 866 | |a 1986,1987, 1988 | ||
| 901 | |a Arxiu | ||
| 942 | |n 1 | ||
| 952 | |0 0 |1 0 |4 0 |6 M3206_M3207_M3208 |7 1 |9 45281 |a Arxiu |b Arxiu |d 2016-12-01 |l 0 |o M-3-206, M-3-207, M-3-208 |p 7662, 5418, 9009 |r 2016-12-01 00:00:00 |w 2016-12-01 |y ARXIU | ||
| 999 | |c 48355 |d 48355 | ||